1558 1804 1855 1204 1069 1464 1936 1790 1212 1085 1567 1172 1699 1230 1755 1032 1851 1646 1295 1217 1478 1821 1932 1212 1838 1614 1589 1706 1773 1296 1042 1840 1165 1599 1335 1826 1496 1226 1256 1572 1737 1498 1973 1613 1139 1273 1238 1075 1599 1865 1490 1747 1335 1415 1412 1685 1174 1474 1386 1893 1996 1709 1279 1637 1459 1812 1190 1935 1532 1117 1337 1091 1985 1658 1652 1897 1717 1880 1389 1874 1016 1797 1244 1732 1081 1720 1652 1930 1376 1007 1138 1675 1509 1852 1069 1747 1411 1292 1275 BCNSPRNW ULIB Ver.6.0+V

เปลี่ยนเป็นภาษาไทย

Change to English
 แสดงรายละเอียดบรรณานุกรม
  กลับหน้าหลัก

Brief Record : Get Marc (ISO 2709) : E-mail record : QR code < ปิดหน้าต่าง
LEADER : 00000nam 2200000uu 4500
001    13399109824
003     ULIB
008    110412s2553||||th 000 0 tha d
020    9789742979126
060 04 WC515^bด428ค 2553
245 00 คู่มือการปฏิบัติงานป้องกันควบคุมโรคไข้หวัดใหญ่สายพันธุ์ใหม่ (H1N1) 2009 สำหรับบุคลากรด้านการแพทย์และสาธารณสุข /^cจัดทำโดยคณะทำงานจัดทำคู่มือการปฏิบัติงานป้องกันควบคุมโรคไข้หวัดใหญ่สายพันธุ์ใหม่ (H1N1) 2009 สำหรับบุคลากรด้านการแพทย์และสาธารณสุข กระทรวงสาธารณสุข ; กองบรรณาธิการ, ดาริกา กิ่งเนตร, วรยา เหลืองอ่อน, อัจฉรา วรารักษ์
250    พิมพ์ครั้งที่ 1
260    [นนทบุรี] :^bสำนักโรคติดต่ออุบัติใหม่ กรมควบคุมโรคกระทรวงสาธารณสุข,^c2553
300    ก-ญ, 224 หน้า :^bภาพประกอบ ;^c30 ซม. +^eซีดี-รอม 1 แผ่น
650  7 ไข้หวัดใหญ่สายพันธุ์ใหม่ 2009^xการป้องกันและควบคุม^xคู่มือ
650  7 ไข้หวัดใหญ่สายพันธุ์ใหม่ 2009^xการรักษา^xคู่มือ
650  7 บุคลากรทางการแพทย์
650  7 บุคลากรสาธารณสุข
700 0  ดาริกา กิ่งเนตร,^eบรรณาธิการ
700 0  วรยา เหลืองอ่อน,^eบรรณาธิการ
700 0  อัจฉรา วรารักษ์,^eบรรณาธิการ
710 2  กระทรวงสาธารณสุข. ^bกรมควบคุมโรค.^bสำนักโรคติดต่ออุบัติใหม่
945    ^p0^l0^i027565
945    ^p0^l0^i027563
945    ^p0^l0^i027566
945    ^p0^l0^i027564
945    ^p0^l0^i027562
995    ทศพร
999 ^a ใช้งานได้ทุกระบบ
รายการนี้ยังไม่มีแท็ก
คุณยังไม่ได้ล็อกอิน คุณสามารถมีกิจกรรมร่วมกับเว็บไซต์ได้ แต่ต้องล็อกอินก่อน ::
  ล็อกอิน

รายการสื่อสารสนเทศ

ลำดับที่ ประเภท เลขเรียก/บาร์โค้ด สถานที่ สถานะ
1. วิทยาศาสตร์การแพทย์ และสุขภาพ
หนังสือสำรอง
สถานะ=หนังสือสำรอง
WC515 ด428ค 2553 ฉ.1 
  Barcode: 027562
ห้องสมุดวิทยาเขตสวรรค์ประชารักษ์
►ส่วนจัดเก็บหนังสือเก่า สปร
บนชั้น
  ขอยืม
2. วิทยาศาสตร์การแพทย์ และสุขภาพ
วิทยาศาสตร์การแพทย์ และสุขภาพ
WC515 ด428ค 2553 ฉ.2 
  Barcode: 027563
ห้องสมุดวิทยาเขตสวรรค์ประชารักษ์
►ส่วนจัดเก็บหนังสือเก่า สปร
บนชั้น
  ขอยืม
3. วิทยาศาสตร์การแพทย์ และสุขภาพ
วิทยาศาสตร์การแพทย์ และสุขภาพ
WC515 ด428ค 2553 ฉ.3 
  Barcode: 027564
ห้องสมุดวิทยาเขตสวรรค์ประชารักษ์
►ส่วนจัดเก็บหนังสือเก่า สปร
บนชั้น
  ขอยืม
4. วิทยาศาสตร์การแพทย์ และสุขภาพ
วิทยาศาสตร์การแพทย์ และสุขภาพ
WC515 ด428ค 2553 ฉ.4 
  Barcode: 027565
ห้องสมุดวิทยาเขตสวรรค์ประชารักษ์
►ส่วนจัดเก็บหนังสือเก่า สปร
บนชั้น
  ขอยืม
5. วิทยาศาสตร์การแพทย์ และสุขภาพ
วิทยาศาสตร์การแพทย์ และสุขภาพ
WC515 ด428ค 2553 ฉ.5 
  Barcode: 027566
ห้องสมุดวิทยาเขตสวรรค์ประชารักษ์
►ส่วนจัดเก็บหนังสือเก่า สปร
บนชั้น
  ขอยืม

รายการใกล้เคียง
    หัวเรื่อง [บุคลากรทางการแพทย์]
    หัวเรื่อง [บุคลากรสาธารณสุข]

BibComment


ยังไม่เคยถูกคอมเมนท์

คอมเมนท์ทรัพยากรรายการนี้
  คอมเมนท์: คู่มือการปฏิบัติง..


 Copyright 2026. Bcnsprnw @Library